Normal view
MARC view
- Suleman Naeem
Entry Personal Name
001 - CONTROL NUMBER
- control field: 92364
003 - CONTROL NUMBER IDENTIFIER
- control field: NUST
005 - DATE AND TIME OF LATEST TRANSACTION
- control field: 20220703105627.0
008 - FIXED-LENGTH DATA ELEMENTS
- fixed length control field: 220703|| aca||aabn | a|a d
040 ## - CATALOGING SOURCE
- Original cataloging agency: NUST
- Transcribing agency: NUST
100 ## - HEADING--PERSONAL NAME
- Personal name: Suleman Naeem
670 ## - SOURCE DATA FOUND
- Source citation: Work cat.: (NUST)10597: Suleman Naeem, Processing and analyzing large scale data [Project Report BIT-9], 2011.
